[Event "HUN-chT Csongrad Region"]
[Site "Hungary"]
[Date "2015.11.22"]
[Round "5.1"]
[White "Toth, Sandor Sr"]
[Black "Karpati, Zoltan"]
[Result "1/2-1/2"]
[WhiteElo "1789"]
[BlackElo "1730"]
[PlyCount "129"]
[EventDate "2015.09.20"]
[EventType "team-tourn"]
[EventRounds "9"]
[EventCountry "HUN"]
[SourceTitle "EXT 2017"]
[Source "ChessBase"]
[SourceDate "2016.10.25"]
[SourceVersion "1"]
[SourceVersionDate "2016.10.25"]
[SourceQuality "1"]

1. d4 d5 2. c4 c6 3. Nc3 e6 4. Bf4 Bd6 5. Bxd6 Qxd6 6. e3 dxc4 7. Bxc4 Nf6 8. Nf3 Nbd7 9. 0-0 0-0 10. Rc1 b6 11. Bd3 Bb7 12. Bb1 c5 13. Qe2 Bxf3 14. Qxf3 cxd4 15. Rfd1 e5 16. exd4 exd4 17. Nb5 Qd5 18. Qxd5 Nxd5 19. Rxd4 N5f6 20. g3 Rfc8 21. Rxc8+ Rxc8 22. Bf5 Rc1+ 23. Kg2 Nf8 24. Nxa7 g6 25. Be4 Nxe4 26. Rxe4 Rc2 27. Rb4 Nd7 28. a3 Kf8 29. Nb5 Ke7 30. h4 h5 31. Nd4 Rd2 32. Kf3 Rd1 33. Ke2 Rb1 34. Nc2 Kd6 35. Ne3 Kc5 36. Kd2 Kc6 37. Kc2 Re1 38. Kd2 Rb1 39. Rc4+ Kd6 40. Kc3 Re1 41. Rf4 f6 42. Nc4+ Ke6 43. Kb4 g5 44. hxg5 fxg5 45. Rf3 Re4 46. Kb5 Rxc4 47. Re3+ Kd5 48. Rf3 Rc5+ 49. Ka6 Kc6 50. b4 Rd5 51. Rc3+ Kd6 52. f4 gxf4 53. gxf4 h4 54. Rh3 Rh5 55. Kb7 Rh7 56. Ka6 Kc7 57. a4 Rh6 58. Kb5 Kd6 59. a5 bxa5 60. bxa5 Kc7 61. Kc4 Nf8 62. Kd4 Ng6 63. Ke4 Rh5 64. Kf3 Rf5 65. Kg4 1/2-1/2

[Event "Eger Tel op"]
[Site "Eger"]
[Date "2009.01.30"]
[Round "3"]
[White "Muller, Wilhelm"]
[Black "Toth, Sandor Sr"]
[Result "1-0"]
[WhiteElo "1986"]
[BlackElo "1814"]
[PlyCount "51"]
[EventDate "2009.01.29"]
[EventType "swiss"]
[EventRounds "7"]
[EventCountry "HUN"]
[SourceTitle "EXT 2011"]
[Source "ChessBase"]
[SourceDate "2010.11.26"]
[SourceVersion "1"]
[SourceVersionDate "2010.11.26"]
[SourceQuality "1"]

1. c4 Nf6 2. Nc3 e6 3. e4 Nc6 4. Nf3 d5 5. cxd5 exd5 6. e5 Ng4 7. d4 g6 8. h3 Nh6 9. Bg5 Qd7 10. Bf6 Rg8 11. Ng5 Bg7 12. Nxh7 Rh8 13. Bxg7 Rxh7 14. Bf6 Ng8 15. Bg5 a6 16. Be2 Nge7 17. Qa4 Qd8 18. 0-0-0 Be6 19. Qb3 b5 20. Kb1 Qd7 21. Ka1 Nf5 22. Be3 0-0-0 23. Nxb5 Qe7 24. Rc1 Kd7 25. Rxc6 Kxc6 26. Rc1+ 1-0

[Event "HUN-chT2 Barcza 0405"]
[Site "Hungary"]
[Date "2005.04.10"]
[Round "10"]
[White "Toth, Sandor Sr"]
[Black "Fodor, Istvan"]
[Result "0-1"]
[WhiteElo "1870"]
[BlackElo "2129"]
[PlyCount "74"]
[EventDate "2004.09.26"]
[EventType "team"]
[EventRounds "11"]
[EventCountry "HUN"]
[SourceTitle "EXT 2009"]
[Source "ChessBase"]
[SourceDate "2008.11.26"]
[SourceVersion "1"]
[SourceVersionDate "2008.11.26"]
[SourceQuality "1"]
[WhiteTeam "Puspokladany"]
[BlackTeam "Karcag"]
[WhiteTeamCountry "HUN"]
[BlackTeamCountry "HUN"]

1. e4 c5 2. Nc3 Nc6 3. f4 g6 4. Nf3 Bg7 5. Bc4 e6 6. 0-0 Nge7 7. e5 h5 8. Ne4 Nf5 9. Be2 d5 10. Neg5 Qb6 11. Kh1 h4 12. c3 Bd7 13. b4 cxb4 14. Rb1 a5 15. a3 Bf8 16. Bd3 d4 17. Ne4 Ng3+ 18. Nxg3 hxg3 19. h3 Qc5 20. Qc2 Rc8 21. Bxg6 dxc3 22. Bxf7+ Kxf7 23. Ng5+ Kg7 24. Qd3 Nd4 25. Qxg3 Nf5 26. Nxe6+ Kf7 27. Ng5+ Ke8 28. Qe1 Bb5 29. Ne4 Qc4 30. Nf6+ Kf7 31. Rf3 Bc6 32. d3 Qd4 33. Be3 Nxe3 34. Qxe3 Qxe3 35. Rxe3 Bc5 36. Rg3 Bf2 37. Rf3 Bxf3 0-1

[Event "HUN-chT2 Barcza 0405"]
[Site "Hungary"]
[Date "2004.11.21"]
[Round "3"]
[White "Toth, Sandor Sr"]
[Black "Szilagyi, Sandor"]
[Result "0-1"]
[WhiteElo "1870"]
[BlackElo "2104"]
[PlyCount "120"]
[EventDate "2004.09.26"]
[EventType "team"]
[EventRounds "11"]
[EventCountry "HUN"]
[SourceTitle "EXT 2009"]
[Source "ChessBase"]
[SourceDate "2008.11.26"]
[SourceVersion "1"]
[SourceVersionDate "2008.11.26"]
[SourceQuality "1"]
[WhiteTeam "Puspokladany"]
[BlackTeam "Szabolcs Volan"]
[WhiteTeamCountry "HUN"]
[BlackTeamCountry "HUN"]

1. e4 c5 2. Nf3 Nc6 3. d4 cxd4 4. Nxd4 g6 5. Be2 Bg7 6. Nxc6 bxc6 7. Nc3 d6 8. 0-0 Bd7 9. Kh1 Nf6 10. Be3 0-0 11. h3 a5 12. Qd2 a4 13. Bh6 a3 14. b3 Qc8 15. Bxg7 Kxg7 16. Kh2 Qc7 17. Kh1 h6 18. f4 Ra5 19. b4 Ra7 20. Rab1 Rb8 21. Qd4 Qb6 22. Qxb6 Rxb6 23. e5 Ne8 24. b5 Be6 25. g4 dxe5 26. fxe5 Nc7 27. Rf4 Nd5 28. Rc4 Nxc3 29. Rxc3 Bxa2 30. Ra1 Bd5+ 31. Kg1 a2 32. Rc5 e6 33. c4 Be4 34. Kf2 cxb5 35. cxb5 f5 36. Bc4 Bb1 37. Ke1 fxg4 38. hxg4 h5 39. Bxa2 Bxa2 40. Rc2 Rxb5 41. Rcxa2 Rxe5+ 42. Kf2 Rxa2+ 43. Rxa2 Rg5 44. gxh5 Rxh5 45. Kg3 Kf6 46. Rf2+ Rf5 47. Re2 e5 48. Re4 g5 49. Re2 Rf4 50. Kg2 Kf5 51. Kg3 e4 52. Re3 g4 53. Re1 Rf3+ 54. Kg2 Kf4 55. Re2 g3 56. Kg1 Rd3 57. Kg2 e3 58. Re1 Rd2+ 59. Kg1 Kf3 60. Kh1 e2 0-1